| 000 | 01040nas a2200337 4500 | ||
|---|---|---|---|
| 001 | BR0400545 | ||
| 003 | BR-BrBNA | ||
| 005 | 20231205104305.0 | ||
| 007 | ta | ||
| 008 | 230509b bl.|||p| |||| 00| 00por d | ||
| 040 |
_aBR-BrBNA _bpor _cBiblioteca Nacional de Agricultura |
||
| 041 | _a(Pt) | ||
| 072 | _aP36; U10 | ||
| 100 | 1 | _aOliveira, L.F.C. de | |
| 100 | 1 | _aMartinez, M.A. | |
| 100 | 1 | _aPruski, F.F. | |
| 100 | 1 | _aRuiz, H.A. | |
| 100 | 1 | _aLima, L.A. | |
| 245 | 1 | _aModelo para transporte de solutos no solo e no escoamento superficial: 2. Simulação do transporte de sedimentos pelo escoamento superficial | |
| 650 | _aSIMULAÇÃO | ||
| 650 | _aTRANSPORTE | ||
| 650 | _aSEDIMENTO | ||
| 650 | _aESCOAMENTO | ||
| 650 | _aEROSÃO DO SOLO | ||
| 650 | _aIRRIGAÇÃO | ||
| 650 | _aEROSÃO HÍDRICA | ||
| 650 | _aMODELO MATEMÁTICO | ||
| 773 | 0 |
_tEngenharia na Agricultura (Brazil) _xISSN 1414-3984 _g(Jul-Sep 2001), v. 9(3) p. 191-200 _wBR0400545 |
|
| 909 |
_a202311 _bLúcia _c55 _dLúcia Elande |
||
| 942 |
_2AGRIS _n0 _cANA |
||
| 999 |
_c177386 _d177386 |
||